000 00590nam a22001937a 4500
005 20251108175419.0
008 250721s2012 xx 000 0 ara d
082 1 4 _aط/372.3/مكا
100 1 _aمكاوي، ايناس فوزي
245 1 0 _aالبيئة الصحراوية /
264 1 _aالقاهرة :
_bشركة ينابيع للنشر،
_c2012.
300 _a12ص.
490 0 _aحكايات البيئات :
650 1 7 _aالبيئة
650 1 7 _aالصحاري
653 _aمرحلة اطفال متوسطة (6-9) سنوات
942 _2ddc
_cBK
999 _c133545
_d133545